000 00579nam a2200229Ia 4500
003 OSt
005 20220923230719.0
006 a|||||r|||| 00| 0
007 ta
008 Pun
020 _c3
024 _a305,009
037 _cTextual
040 _aARTS
_cARTS
_bPun
041 _2Pun
_aPun
082 _aU8.236'N5, 153K2
100 _aਦਾਤਾ, ਪਿਆਰਾ ਸਿੰਘ
_9156315
245 0 _aਸੈਲਾਨੀ
260 _c1962
942 _hU8.236'N5, 153K2
_cTEXL
_2CC
999 _c386812
_d386812